000
00319nam a2200133Ia 4500
008
100328s9999 xx 000 0 und d
082
_b
8428
100
_a
John Crompton
245
_a
Ways Of The Ant
260
_b
The Scientific Book Club
630
_a
Ways Of The Ant
730
_a
Ways Of The Ant
942
_c
BOOK
999
_c
504208
_d
504205